Historia y Comunicación Social

Gespeichert in:
Bibliographische Detailangaben
Format: Schriftenreihe
Sprache:Englisch
Portugiesisch
Spanisch
Veröffentlicht: Madrid Universidad Complutense de Madrid
Tags: Tag hinzufügen
Keine Tags, Fügen Sie das erste Tag hinzu!

MARC

LEADER 00000nas1a2200000 4500
001 0269982
005 20250701092127.9
022 |a 1988-3056 
041 0 |a eng 
041 0 |a por 
041 0 |a spa 
044 |a ES 
245 1 0 |a Historia y Comunicación Social 
264 1 |a Madrid  |b Universidad Complutense de Madrid